| 000 | 00419nam a22001697a 4500 | ||
|---|---|---|---|
| 003 | MACL | ||
| 005 | 20160717131302.0 | ||
| 008 | 160717b xxu||||| |||| 00| 0 eng d | ||
| 040 | _cMACL | ||
| 041 | _aEnglish | ||
| 082 | _a001 | ||
| 100 |
_aSingh, B _964591 |
||
| 245 |
_aGeneral Studies For IES PSUs _cB. Singh |
||
| 260 |
_aNew Delhi _bMade Easy Publications _c2016 |
||
| 650 |
_aG.K _964592 |
||
| 942 |
_2ddc _cBK |
||
| 999 |
_c54351 _d54351 |
||